| 000 | 00688nam a2200241Ia 4500 | ||
|---|---|---|---|
| 003 | OSt | ||
| 005 | 20220928124656.0 | ||
| 006 | a|||||r|||| 00| 0 | ||
| 007 | ta | ||
| 008 | 220927b |||||||| |||| 00| 0 eng d | ||
| 024 | _a27537 | ||
| 037 | _cTextual | ||
| 040 |
_aSDCL _cSDCL _beng |
||
| 041 |
_2eng _aeng |
||
| 082 | _aG:68:f3, N7 | ||
| 100 |
_aMicheli Maria R Ed. _9466656 |
||
| 245 | 0 | _aFingerprinting methods based on arbitrarily primed PCR. | |
| 260 |
_aBerlin _bSpringer _c1997 |
||
| 300 |
_axvi,441p _ccm. |
||
| 700 |
_a Bova Rodolfo Ed. _9466657 |
||
| 942 |
_hG:68:f3, N7 _cTEXL _2CC |
||
| 999 |
_c779490 _d779490 |
||